| 000 | 01031cam a22002773a 4500 | ||
|---|---|---|---|
| 001 | 12068 | ||
| 003 | PGUSA | ||
| 005 | 20140828083244.0 | ||
| 008 | 040401s2004||||xxu|||||s|||||000 | eng d | ||
| 040 |
_aPGUSA _beng |
||
| 042 | _adc | ||
| 050 | 4 | _aE456 | |
| 100 | 1 |
_aKnox, Thomas Wallace, _d1835-1896 |
|
| 245 | 1 | 0 |
_aCamp-Fire and Cotton-Field : _bSouthern Adventure in Time of War. Life with the Union Armies, and Residence on a Louisiana Plantation _h[electronic resource] / _cThomas Wallace Knox |
| 260 |
_bProject Gutenberg, _c2004 |
||
| 506 | _aPublic domain in the USA. | ||
| 516 | _aElectronic text | ||
| 653 | _aMissouri -- History -- Civil War, 1861-1865 | ||
| 653 | _aCotton growing -- Louisiana | ||
| 653 | _aUnited States -- History -- Civil War, 1861-1865 -- Personal narratives | ||
| 653 | _aKnox, Thomas Wallace, 1835-1896 | ||
| 653 | _aMississippi River Valley -- History -- Civil War, 1861-1865 | ||
| 830 | 0 |
_aProject Gutenberg _v12068 |
|
| 856 | 4 | 0 | _uhttp://www.gutenberg.org/ebooks/12068 |
| 942 | _cEB | ||
| 999 |
_c241323 _d241323 |
||